| 000 | 00513nam a22001457a 4500 | ||
|---|---|---|---|
| 003 | 0 | ||
| 005 | 20221011135032.0 | ||
| 008 | 221007b xxu||||| |||| 00| 0 eng d | ||
| 050 |
_aHF5415 _b.T43 2022 |
||
| 245 |
_aThe effect of branding on the consumer buying behavior of smartphone users of selected respondents _cMikaela Lane A. Tecson |
||
| 260 |
_aLas Pinas City, Philippines _bSouthville International School and Colleges _cC2022 |
||
| 300 |
_aix,81pp. _c28cm. _fTheses |
||
| 500 | _aBranding. | ||
| 942 |
_2lcc _cTH |
||
| 999 |
_c364839 _d364839 |
||